00852cam a22002654a 45000010009000000050017000090080041000260100017000670160020000840160022001040200031001260200015001570350023001720400035001950420008002300500023002382450088002612500012003492600034003613000034003955040051004296500061004806500024005417000021005651393119120170208160705.0050415s2006 nyua b 001 0 eng c a 20059259767 a1012705912DNLM7 a9745318122GyFmDB a9780387260105 (alk. paper) a0387260102 a(OCoLC)ocm61665799 aNLMcNLMdOHXdBAKERdCUSdDLC apcc00aR857.P52bP53 200600aPACS :ba guide to the digital revolution /cKeith J. Dreyer ... [et al.], editors. a2nd ed. aNew York :bSpringer,cc2006. axvi, 579 p. :bill. ;c24 cm. aIncludes bibliographical references and index. 0aPicture archiving and communication systems in medicine. 0aDiagnostic imaging.1 aDreyer, Keith J.